| 000 | 00948cam a2200325 i 4500 | ||
|---|---|---|---|
| 999 |
_c200453798 _d72010 |
||
| 001 | 200453798 | ||
| 003 | TR-AnTOB | ||
| 005 | 20230803154554.0 | ||
| 007 | ta | ||
| 008 | 151217s2006 tu db b 000 0 tur d | ||
| 020 |
_a9757636606 _q(paperback) |
||
| 035 | _a(TR-AnTOB)200453798 | ||
| 040 |
_aTR-AnTOB _beng _erda _cTR-AnTOB |
||
| 041 | 0 | _atur | |
| 050 | 1 | 4 |
_aQC981 _b.N573 2006 |
| 090 |
_aQC981 _b.N573 2006 |
||
| 100 | 1 |
_aNişancı, Ahmet _eauthor _9142715 |
|
| 245 | 0 |
_aKlimatoloji / _cProf. Dr. Ahmet Nişancı. |
|
| 250 | _a2. baskı. | ||
| 264 | 1 |
_a[Samsun] : _bOndokuz Mayıs Üniversitesi, _c2006. |
|
| 300 |
_a245 pages : _bcharts, maps ; _c24 cm |
||
| 336 |
_atext _btxt _2rdacontent |
||
| 337 |
_aunmediated _bn _2rdamedia |
||
| 338 |
_avolume _bnc _2rdacarrier |
||
| 490 | 0 |
_aOndokuz Mayıs Üniversitesi Yayınları ; _v124 |
|
| 504 | _aBIB | ||
| 650 | 0 |
_aClimatology _911001 |
|
| 942 |
_2lcc _cBK |
||